|
|
|
|
| LEADER |
00000nab a2200000 a 4500 |
| 001 |
vtls000748023 |
| 003 |
SK-MaSNL |
| 005 |
20260304030528.0 |
| 008 |
160405c2000 xo 0 slo |
| 015 |
|
|
|a SNBRB2001/04-09924
|
| 035 |
|
|
|a CLN000099851
|
| 040 |
|
|
|a SNKBUCL
|b slo
|c SNKBUCL
|e AACR2
|
| 041 |
0 |
|
|a slo
|
| 044 |
|
|
|a xo
|c SK
|
| 080 |
|
|
|a 616.62-006:575.113.2
|2 1997
|
| 245 |
0 |
0 |
|a Susceptibilita k nádorom močového mechúra a polymorfizmus enzýmov metabolizmu xenobiotík
|c J. Šalagovič ... [et al.]
|
| 650 |
0 |
7 |
|a xenobiotiká
|2 SNKPH
|9 21944
|
| 650 |
0 |
7 |
|a polymorfizmus (genetika)
|2 SNKPH
|9 843819
|
| 650 |
0 |
7 |
|a nádory močového mechúra
|2 SNKPH
|9 20101
|
| 650 |
0 |
7 |
|a močový mechúr
|2 SNKPH
|9 70115
|
| 655 |
|
7 |
|a články z novín a časopisov
|2 SNK
|9 267496
|
| 700 |
1 |
|
|a Šalagovič, Ján,
|d 1968-
|4 aut
|9 241689
|
| 700 |
1 |
|
|a Hrivňák, M.
|4 aut
|9 850400
|
| 700 |
1 |
|
|a Kalina, Ivan,
|d 1939-2014
|4 aut
|9 38930
|
| 700 |
1 |
|
|a Biroš, E.
|4 aut
|9 686417
|
| 700 |
1 |
|
|a Valanský, Ladislav,
|d 1947-
|4 aut
|9 210646
|
| 710 |
2 |
|
|a Slovenská urologická spoločnosť.
|b Kongres
|n (13. :
|d 2000 :
|c Štrbské Pleso, Slovensko)
|4 aut
|9 105690
|
| 773 |
0 |
|
|x 1335-3071
|t Urológia
|g Roč. 6, č. 1 (2000), s. 40
|
| 850 |
|
|
|a Slovenská národná knižnica v Martine
|
| 852 |
|
|
|a SNK
|b KIS3GCP
|
| 958 |
|
|
|a MI
|
| 958 |
|
|
|a RBX
|
| 999 |
|
|
|c 2634480
|d 2636410
|